[Event "Regionalliga SW 1213"]
[Site "Bayern"]
[Date "2013.01.13"]
[Round "5.4"]
[White "Schuette, Manfred"]
[Black "Katzer, Joachim"]
[Result "0-1"]
[WhiteElo "2208"]
[BlackElo "1963"]
[PlyCount "54"]
[EventDate "2012.10.14"]
[EventType "team-tourn"]
[EventRounds "9"]
[EventCountry "GER"]
[SourceTitle "EXT 2015"]
[Source "ChessBase"]
[SourceDate "2014.11.20"]
[SourceVersion "1"]
[SourceVersionDate "2014.11.20"]
[SourceQuality "1"]
[WhiteTeam "Bayern Muenchen III"]
[BlackTeam "Sendling"]
[WhiteTeamCountry "GER"]
[BlackTeamCountry "GER"]

1. d4 d5 2. Nf3 c5 3. e3 cxd4 4. exd4 Nc6 5. Be2 Nf6 6. 0-0 g6 7. c3 Bg7 8. Re1 0-0 9. Bd3 Bf5 10. Na3 Bxd3 11. Qxd3 Ne4 12. Bf4 e6 13. Rad1 Rc8 14. h3 Nd6 15. Ne5 Nxe5 16. Bxe5 Nc4 17. Nxc4 Rxc4 18. Qg3 Qa5 19. a3 Rfc8 20. h4 h5 21. Bxg7 Kxg7 22. Qe5+ Kg8 23. g4 hxg4 24. h5 Qc7 25. Qg5 Qd8 26. Qxg4 Qf6 27. Re5 Qxe5 0-1

[Event "Landesliga Sued 1011"]
[Site "Bayern"]
[Date "2011.03.20"]
[Round "8.1"]
[White "Schuette, Manfred"]
[Black "Grimberg, Boris"]
[Result "1/2-1/2"]
[WhiteElo "2267"]
[BlackElo "2338"]
[PlyCount "127"]
[EventDate "2010.10.10"]
[EventType "team-tourn"]
[EventRounds "9"]
[EventCountry "GER"]
[SourceTitle "EXT 2012"]
[Source "ChessBase"]
[SourceDate "2011.11.24"]
[SourceVersion "1"]
[SourceVersionDate "2011.11.24"]
[SourceQuality "1"]
[WhiteTeam "Bayern Muenchen III"]
[BlackTeam "Haunstetten"]
[WhiteTeamCountry "GER"]
[BlackTeamCountry "GER"]

1. d4 Nf6 2. Nf3 g6 3. b3 Bg7 4. Bb2 0-0 5. Nbd2 c5 6. dxc5 Na6 7. e3 Nxc5 8. Be2 Qc7 9. 0-0 d6 10. Nd4 Bd7 11. c4 Rfd8 12. Rc1 Qb6 13. Nb5 a6 14. Nc3 Bc6 15. Qc2 Rac8 16. Rfd1 Ne6 17. Qb1 Qa5 18. Nf3 Kf8 19. a3 Qf5 20. Qa1 b5 21. cxb5 axb5 22. b4 Bh6 23. a4 bxa4 24. b5 Bb7 25. Qxa4 Nc5 26. Qb4 Bg7 27. Ra1 Ra8 28. b6 Nfd7 29. Ra7 Rab8 30. Na4 Nxa4 31. Bxg7+ Kxg7 32. Qxa4 Bxf3 33. Bxf3 Nxb6 34. Qd4+ e5 35. Qc3 Rbc8 36. Qb4 Nd7 37. Qxd6 Nf6 38. Qxd8 Rxd8 39. Rxd8 e4 40. Be2 Qc5 41. Rda8 Qc1+ 42. Bf1 Ng4 43. Ra1 Qb2 44. R8a2 Qe5 45. g3 Qc3 46. h3 Ne5 47. Be2 h5 48. Rd1 Kh6 49. Raa1 Qc2 50. Kf1 Qc8 51. Kg2 Qc2 52. Rd5 f6 53. Ba6 Qc6 54. Rda5 h4 55. g4 Nf3 56. Be2 Ng5 57. Ra6 Qc3 58. R6a3 Qb2 59. R3a2 Qb4 60. Ra4 Qb2 61. R4a2 Qc3 62. Ra3 Qb2 63. R3a2 Qc3 64. Ra3 1/2-1/2

[Event "Landesliga Sued 1011"]
[Site "Bayern"]
[Date "2011.02.27"]
[Round "7.1"]
[White "Kindermann, Stefan"]
[Black "Schuette, Manfred"]
[Result "1-0"]
[WhiteElo "2475"]
[BlackElo "2267"]
[PlyCount "49"]
[EventDate "2010.10.10"]
[EventType "team-tourn"]
[EventRounds "9"]
[EventCountry "GER"]
[SourceTitle "EXT 2012"]
[Source "ChessBase"]
[SourceDate "2011.11.24"]
[SourceVersion "1"]
[SourceVersionDate "2011.11.24"]
[SourceQuality "1"]
[WhiteTeam "Muenchen Zugzwang"]
[BlackTeam "Bayern Muenchen III"]
[WhiteTeamCountry "GER"]
[BlackTeamCountry "GER"]

1. e4 e5 2. Nf3 d6 3. d4 exd4 4. Nxd4 Nc6 5. Nc3 Nf6 6. Bb5 Bd7 7. 0-0 Be7 8. Bxc6 bxc6 9. Qf3 0-0 10. Bg5 Re8 11. Rfe1 h6 12. Bh4 Rb8 13. b3 Rb4 14. Rad1 Qc8 15. h3 c5 16. Nde2 Bc6 17. a3 Rb8 18. Ng3 Bd7 19. Nf5 Bxf5 20. exf5 Bd8 21. Nd5 Qd7 22. Rxe8+ Nxe8 23. Bxd8 Qxd8 24. Re1 Nf6 25. Ne7+ 1-0

[Event "Landesliga Sued 1011"]
[Site "Bayern"]
[Date "2010.10.24"]
[Round "2.1"]
[White "Schuette, Manfred"]
[Black "Maier, Alexander"]
[Result "1/2-1/2"]
[WhiteElo "2267"]
[BlackElo "2203"]
[PlyCount "119"]
[EventDate "2010.10.10"]
[EventType "team-tourn"]
[EventRounds "9"]
[EventCountry "GER"]
[SourceTitle "EXT 2012"]
[Source "ChessBase"]
[SourceDate "2011.11.24"]
[SourceVersion "1"]
[SourceVersionDate "2011.11.24"]
[SourceQuality "1"]
[WhiteTeam "Bayern Muenchen III"]
[BlackTeam "Ingolstadt"]
[WhiteTeamCountry "GER"]
[BlackTeamCountry "GER"]

1. d4 d5 2. Nf3 Nc6 3. Bf4 Bg4 4. e3 e6 5. c4 dxc4 6. Bxc4 Bd6 7. Bg3 Nge7 8. Nc3 0-0 9. Be2 Nf5 10. Bxd6 Nxd6 11. 0-0 Ne7 12. Qb3 c6 13. Qa3 Nd5 14. Rfd1 Qe7 15. Rac1 Rfd8 16. h3 Bh5 17. Na4 Ne4 18. Qxe7 Nxe7 19. g4 Bg6 20. Ne5 Rac8 21. Bf3 Nd6 22. Nc5 h6 23. a4 Bh7 24. a5 Rc7 25. a6 b6 26. Ncd3 Be4 27. Bxe4 Nxe4 28. f3 Nd6 29. Nb4 Rdc8 30. Rc2 Nd5 31. Nxd5 cxd5 32. Rxc7 Rxc7 33. Rd2 Rc1+ 34. Kg2 f6 35. Nd3 Ra1 36. Rc2 Nc4 37. Kf2 Rh1 38. Rc3 Rh2+ 39. Kg3 Re2 40. Nb4 Rxb2 41. Nc6 Ra2 42. Nxa7 Rxa6 43. Nb5 Ra5 44. Nc7 Kf7 45. e4 Ra7 46. Nb5 Ra2 47. exd5 exd5 48. Nc7 Rd2 49. Nxd5 Rxd4 50. Nc7 Ne5 51. Rb3 Rd3 52. Rxb6 Rxf3+ 53. Kg2 Rd3 54. Ne6 Ng6 55. Kh2 Nh4 56. Nf4 Rd2+ 57. Kg1 Nf3+ 58. Kf1 Nh2+ 59. Ke1 Nf3+ 60. Kf1 1/2-1/2

[Event "Bayern-chI Bank Hofmann 13th"]
[Site "Bad Wiessee"]
[Date "2009.11.05"]
[Round "7"]
[White "Schulz, Juergen2222"]
[Black "Schuette, Manfred"]
[Result "0-1"]
[WhiteElo "2180"]
[BlackElo "2347"]
[PlyCount "48"]
[EventDate "2009.10.31"]
[EventType "swiss"]
[EventRounds "9"]
[EventCountry "GER"]
[SourceTitle "EXT 2010"]
[Source "ChessBase"]
[SourceDate "2010.11.25"]
[SourceVersion "1"]
[SourceVersionDate "2010.11.25"]
[SourceQuality "1"]

1. d4 d5 2. Nf3 Nf6 3. g3 c5 4. c3 Nc6 5. Bg2 e6 6. 0-0 Bd6 7. Bf4 0-0 8. e3 b6 9. Nbd2 Bb7 10. Re1 Rc8 11. Bxd6 Qxd6 12. dxc5 Qxc5 13. e4 dxe4 14. Nxe4 Nxe4 15. Rxe4 Rfd8 16. Qe2 Qd5 17. Rh4 Rc7 18. h3 Rcd7 19. Qe1 Qd3 20. Rf4 Qc2 21. Nd4 Nxd4 22. Rxd4 Rxd4 23. cxd4 Bxg2 24. Kxg2 Qxb2 0-1

[Event "Bayern-chI Bank Hofmann 13th"]
[Site "Bad Wiessee"]
[Date "2009.11.03"]
[Round "5"]
[White "Heinz, Axel"]
[Black "Schuette, Manfred"]
[Result "1-0"]
[WhiteElo "2436"]
[BlackElo "2347"]
[PlyCount "65"]
[EventDate "2009.10.31"]
[EventType "swiss"]
[EventRounds "9"]
[EventCountry "GER"]
[SourceTitle "EXT 2010"]
[Source "ChessBase"]
[SourceDate "2010.11.25"]
[SourceVersion "1"]
[SourceVersionDate "2010.11.25"]
[SourceQuality "1"]

1. e4 c5 2. Nf3 d6 3. d4 cxd4 4. Nxd4 Nf6 5. Nc3 g6 6. Be3 Bg7 7. f3 0-0 8. Qd2 Nc6 9. 0-0-0 d5 10. exd5 Nxd5 11. Nxc6 bxc6 12. Bd4 e5 13. Bc5 Be6 14. Ne4 Re8 15. h4 h6 16. g4 Qc7 17. g5 h5 18. Bc4 Rad8 19. Qf2 Rd7 20. Rd3 Nf4 21. Rxd7 Qxd7 22. Bxe6 Qxe6 23. b3 a5 24. Rd1 a4 25. Rd6 Qc8 26. Qd2 axb3 27. cxb3 Qa8 28. Rd7 Ne6 29. Ra7 Qd8 30. Qxd8 Rxd8 31. Be7 Rd3 32. Nf6+ Bxf6 33. Ra8+ 1-0

[Event "Bayern-chI Bank Hofmann 13th"]
[Site "Bad Wiessee"]
[Date "2009.10.31"]
[Round "1"]
[White "Ranker, Klemens"]
[Black "Schuette, Manfred"]
[Result "0-1"]
[WhiteElo "1982"]
[BlackElo "2347"]
[PlyCount "172"]
[EventDate "2009.10.31"]
[EventType "swiss"]
[EventRounds "9"]
[EventCountry "GER"]
[SourceTitle "EXT 2010"]
[Source "ChessBase"]
[SourceDate "2010.11.25"]
[SourceVersion "1"]
[SourceVersionDate "2010.11.25"]
[SourceQuality "1"]

1. e4 c5 2. Bc4 Nc6 3. Nc3 g6 4. d3 Bg7 5. Bd2 e6 6. Nge2 Nge7 7. 0-0 0-0 8. Qe1 b6 9. f4 d5 10. Bb3 Nd4 11. Nxd4 cxd4 12. Nd1 dxe4 13. dxe4 Kh8 14. Nf2 a5 15. Bc4 Qc7 16. Qe2 Bb7 17. Bd3 f5 18. a3 Ng8 19. Rae1 Nf6 20. Bc1 Rac8 21. Qd1 Rfe8 22. exf5 exf5 23. Rxe8+ Rxe8 24. Re1 Ne4 25. Re2 Qc6 26. Qf1 Re7 27. Nh3 Bf6 28. Ng5 h6 29. Nf3 Qd6 30. Qe1 Bd5 31. Bb5 Qc5 32. Bd3 Qd6 33. Bb5 Kh7 34. Bd3 Qc6 35. Qf1 Qe8 36. Qe1 Re6 37. Qf1 Qc6 38. Qd1 Re7 39. Qe1 Qe6 40. Qd1 Qc6 41. Qf1 Qe8 42. Qe1 Re6 43. Qf1 Nc5 44. Rxe6 Qxe6 45. Bd2 Be4 46. Bc4 Qd6 47. b4 axb4 48. axb4 Ne6 49. Ne1 Nc7 50. h3 Nd5 51. Bb3 Ne3 52. Qf2 Qd8 53. Qe2 h5 54. Nd3 Qa8 55. Ne1 Qa1 56. Kh2 Bh4 57. Qb5 Bf6 58. Qe2 h4 59. Bxe3 dxe3 60. Qxe3 Bc3 61. Nf3 Bxf3 62. Qe7+ Kh6 63. Qxh4+ Bh5 64. g4 Qd1 65. Qg5+ Kh7 66. Qe7+ Bg7 67. gxh5 Qd2+ 68. Kh1 Qxf4 69. hxg6+ Kxg6 70. Bf7+ Kh7 71. Qe2 Be5 72. Qh5+ Kg7 73. Qg6+ Kf8 74. Qg8+ Ke7 75. Qe8+ Kf6 76. Qe6+ Kg5 77. Qg6+ Kh4 78. Qh5+ Kg3 79. Qg6+ Kf2 80. Qg2+ Ke3 81. Qg1+ Kd2 82. Qg2+ Kc3 83. Qe2 Kxb4 84. Be8 Bd4 85. Bd7 Qc1+ 86. Kg2 Qg5+ 0-1

[Event "Oberliga Bayern 0809"]
[Site "Bayern"]
[Date "2008.11.30"]
[Round "3.4"]
[White "Schuette, Manfred"]
[Black "Maurer, Jochen"]
[Result "1-0"]
[WhiteElo "2297"]
[BlackElo "2164"]
[PlyCount "87"]
[EventDate "2008.10.05"]
[EventType "team-tourn"]
[EventRounds "9"]
[EventCountry "GER"]
[SourceTitle "EXT 2020"]
[Source "ChessBase"]
[SourceDate "2019.10.17"]
[SourceVersion "1"]
[SourceVersionDate "2019.10.17"]
[SourceQuality "1"]
[WhiteTeam "Bayern Muenchen II"]
[BlackTeam "Pang/Rosenheim"]
[WhiteTeamCountry "GER"]
[BlackTeamCountry "GER"]

1. c4 e5 2. Nc3 Bb4 3. Nf3 Bxc3 4. bxc3 Qe7 5. g3 d6 6. Bg2 f5 7. d3 Nf6 8. 0-0 0-0 9. Qb3 Kh8 10. Ba3 Nbd7 11. Rab1 Ng4 12. h3 Nh6 13. c5 Nxc5 14. Bxc5 dxc5 15. Nd2 Rb8 16. Qa3 b6 17. e3 Bb7 18. Bxb7 Rxb7 19. d4 f4 20. exf4 exf4 21. Rbe1 Qd7 22. Kg2 Rbb8 23. Nf3 Rbe8 24. dxc5 fxg3 25. fxg3 Nf5 26. cxb6 axb6 27. g4 Nh6 28. Kg3 Kg8 29. Qb3+ Kh8 30. Qb4 c5 31. Qxb6 Rxe1 32. Rxe1 Qf7 33. Qc6 Qf4+ 34. Kg2 Nf7 35. Re8 Nh6 36. a4 c4 37. a5 Qf7 38. Rxf8+ Qxf8 39. a6 Qa3 40. Qb7 Qa2+ 41. Kg3 Ng8 42. a7 h5 43. a8Q h4+ 44. Nxh4 1-0

[Event "Oberliga Bayern 0708"]
[Site "Bayern"]
[Date "2008.04.20"]
[Round "9.2"]
[White "Schuette, Manfred"]
[Black "Meister, Peter"]
[Result "1-0"]
[WhiteElo "2297"]
[BlackElo "2345"]
[PlyCount "79"]
[EventDate "2007.10.21"]
[EventType "team-tourn"]
[EventRounds "9"]
[EventCountry "GER"]
[SourceTitle "EXT 2009"]
[Source "ChessBase"]
[SourceDate "2008.11.26"]
[SourceVersion "1"]
[SourceVersionDate "2008.11.26"]
[SourceQuality "1"]
[WhiteTeam "Bayern Muenchen II"]
[BlackTeam "Bamberg"]
[WhiteTeamCountry "GER"]
[BlackTeamCountry "GER"]

1. d4 d5 2. Nf3 Bf5 3. e3 e6 4. c4 c6 5. Nc3 Nd7 6. Be2 Bd6 7. 0-0 Ngf6 8. Re1 Ne4 9. Nxe4 dxe4 10. Nd2 0-0 11. b3 c5 12. Bb2 cxd4 13. exd4 Qg5 14. Nf1 Nf6 15. Qc1 Qg6 16. Qc3 h5 17. Ng3 h4 18. Nxf5 Qxf5 19. Rad1 Rac8 20. a3 Nd5 21. Qc2 Nf4 22. Bf1 Qg6 23. Kh1 f5 24. f3 exf3 25. gxf3 Qh5 26. Qf2 h3 27. Bc1 Rf6 28. c5 Bb8 29. Bc4 Qg6 30. Bxf4 Bxf4 31. d5 exd5 32. Rxd5 Kh7 33. Rg1 Qh5 34. Rd7 Bh6 35. b4 b6 36. Rd5 bxc5 37. bxc5 Kh8 38. Qg3 Rfc6 39. Rgd1 Rg6 40. Rd8+ 1-0

[Event "Oberliga Bayern 0708"]
[Site "Bayern"]
[Date "2007.11.04"]
[Round "2.4"]
[White "Scheckenbach, Franz"]
[Black "Schuette, Manfred"]
[Result "0-1"]
[WhiteElo "2192"]
[BlackElo "2343"]
[PlyCount "74"]
[EventDate "2007.10.21"]
[EventType "team-tourn"]
[EventRounds "9"]
[EventCountry "GER"]
[SourceTitle "EXT 2009"]
[Source "ChessBase"]
[SourceDate "2008.11.26"]
[SourceVersion "1"]
[SourceVersionDate "2008.11.26"]
[SourceQuality "1"]
[WhiteTeam "Groebenzell"]
[BlackTeam "Bayern Muenchen II"]
[WhiteTeamCountry "GER"]
[BlackTeamCountry "GER"]

1. e4 c5 2. Nf3 d6 3. d4 cxd4 4. Nxd4 Nf6 5. Nc3 g6 6. Be3 Bg7 7. f3 Nc6 8. Qd2 0-0 9. Bc4 Nd7 10. Bb3 Nde5 11. f4 Ng4 12. Nxc6 bxc6 13. Bg1 Qa5 14. h3 Bxc3 15. bxc3 Nf6 16. Bd4 e5 17. fxe5 dxe5 18. 0-0 Nxe4 19. Qe3 Bf5 20. g4 exd4 21. cxd4 Nd6 22. gxf5 Nxf5 23. Qd3 Rae8 24. c3 Ne3 25. Rf2 Qg5+ 26. Kh2 Qh6 27. Rg1 Nd5 28. Rg3 Qc1 29. Rfg2 Kg7 30. Rg1 Re1 31. Bxd5 cxd5 32. Qf3 Rfe8 33. R3g2 R8e3 34. Rxe1 Qxe1 35. Qxd5 Qxc3 36. Qd7 Rf3 37. Qd6 Rxh3+ 0-1

[Event "Oberliga Bayern 0607"]
[Site "Bayern"]
[Date "2007.04.01"]
[Round "8.4"]
[White "Bachmayr, Peter"]
[Black "Schuette, Manfred"]
[Result "1-0"]
[WhiteElo "2285"]
[BlackElo "2302"]
[PlyCount "75"]
[EventDate "2006.10.15"]
[EventType "team-tourn"]
[EventRounds "9"]
[EventCountry "GER"]
[SourceTitle "EXT 2008"]
[Source "ChessBase"]
[SourceDate "2007.11.25"]
[SourceVersion "1"]
[SourceVersionDate "2007.11.25"]
[SourceQuality "1"]
[WhiteTeam "Muenchen 36"]
[BlackTeam "Bayern Muenchen II"]
[WhiteTeamCountry "GER"]
[BlackTeamCountry "GER"]

1. d4 b6 2. Nf3 Bb7 3. g3 e6 4. c4 Nf6 5. Bg2 c5 6. d5 exd5 7. Nh4 b5 8. Nc3 bxc4 9. Nxd5 Nxd5 10. Bxd5 Nc6 11. 0-0 g6 12. Qc2 Bg7 13. Qxc4 0-0 14. Qxc5 Rc8 15. Qa3 Qb6 16. Be3 Nd4 17. Bxd4 Bxd4 18. Bxb7 Qxb7 19. Rab1 Qb5 20. Nf3 Bg7 21. e3 Qb7 22. Ne1 h5 23. h4 Rc6 24. Nd3 Ra6 25. Qb3 Rb6 26. Qc2 Qe4 27. Rfc1 Rc6 28. Qe2 Rfc8 29. Rxc6 Rxc6 30. Rd1 Qc4 31. b3 Qa6 32. Kf1 Rc3 33. Nf4 Qc6 34. Nd5 Qb7 35. Qf3 Qa6+ 36. Kg2 Rc5 37. Ne7+ Kf8 38. Rxd7 1-0

[Event "Bayern-chI Bank Hofmann 10th"]
[Site "Bad Wiessee"]
[Date "2006.11.08"]
[Round "5"]
[White "Balmazi, Leonid"]
[Black "Schuette, Manfred"]
[Result "0-1"]
[WhiteElo "2166"]
[BlackElo "2346"]
[PlyCount "120"]
[EventDate "2006.11.04"]
[EventType "swiss"]
[EventRounds "9"]
[EventCountry "GER"]
[SourceTitle "EXT 2007"]
[Source "ChessBase"]
[SourceDate "2006.11.23"]
[SourceVersion "1"]
[SourceVersionDate "2006.11.23"]
[SourceQuality "1"]

1. d4 Nf6 2. Nf3 e6 3. g3 d5 4. Bg2 Bd6 5. 0-0 Nbd7 6. c4 c6 7. Nc3 0-0 8. Qc2 a6 9. a4 Re8 10. Rd1 Qe7 11. Bg5 h6 12. Bf4 Bxf4 13. gxf4 Nf8 14. Ne5 N6d7 15. e3 f6 16. Nf3 g5 17. fxg5 hxg5 18. Ne2 Qh7 19. Qxh7+ Kxh7 20. b3 Ng6 21. Nc3 g4 22. Nd2 f5 23. b4 Nf6 24. b5 axb5 25. axb5 Bd7 26. bxc6 Bxc6 27. c5 Ne4 28. Ndxe4 fxe4 29. h3 gxh3 30. Bxh3 Rxa1 31. Rxa1 Kg7 32. Rb1 Kf6 33. Nb5 Rh8 34. Bg4 e5 35. Kg2 exd4 36. Nxd4 Ne5 37. Be2 Rg8+ 38. Kf1 Rh8 39. Rb6 Nd7 40. Rb2 Rh1+ 41. Kg2 Rc1 42. Bb5 Rxc5 43. Kg3 Ne5 44. Be2 Rc1 45. Kg2 Ra1 46. Bb5 Ke7 47. Rc2 Kd6 48. Nf5+ Kd7 49. Nd4 Ra8 50. Be2 Rg8+ 51. Kf1 Rg5 52. Rb2 Rg6 53. Ra2 Rf6 54. Ke1 Kd6 55. Rb2 Nd7 56. Rc2 Rf8 57. Bg4 Ne5 58. Be2 Ra8 59. Bb5 Ra1+ 60. Ke2 Nf3 0-1

[Event "Bayern-chI Bank Hofmann 10th"]
[Site "Bad Wiessee"]
[Date "2006.11.07"]
[Round "4"]
[White "Schuette, Manfred"]
[Black "Beckmann, Klaus2222"]
[Result "1-0"]
[WhiteElo "2346"]
[BlackElo "2138"]
[PlyCount "61"]
[EventDate "2006.11.04"]
[EventType "swiss"]
[EventRounds "9"]
[EventCountry "GER"]
[SourceTitle "EXT 2007"]
[Source "ChessBase"]
[SourceDate "2006.11.23"]
[SourceVersion "1"]
[SourceVersionDate "2006.11.23"]
[SourceQuality "1"]

1. c4 Nf6 2. Nc3 e6 3. Nf3 d5 4. e3 Be7 5. b3 c5 6. Bb2 Nc6 7. cxd5 exd5 8. d4 0-0 9. Be2 Be6 10. 0-0 Ne4 11. dxc5 Nxc3 12. Bxc3 Bxc5 13. Qd2 Qe7 14. Rac1 Ba3 15. Rcd1 Bc5 16. Qb2 f6 17. Bd3 Bg4 18. Qb1 g6 19. Be2 Bxe3 20. Qb2 Bb6 21. Rxd5 Be6 22. Rdd1 Rad8 23. Rxd8 Bxd8 24. Re1 Qd6 25. Nd2 Bd5 26. Nc4 Qc7 27. Ne3 Be6 28. Bf3 Ne5 29. Be4 Ng4 30. Nxg4 Bxg4 31. Bb4 1-0

[Event "Landesliga Sued 0506"]
[Site "Bayern"]
[Date "2006.01.29"]
[Round "6.3"]
[White "Schuette, Manfred"]
[Black "Bensch, Patrick"]
[Result "1-0"]
[WhiteElo "2247"]
[BlackElo "2213"]
[PlyCount "73"]
[EventDate "2005.10.23"]
[EventType "team-tourn"]
[EventRounds "9"]
[EventCountry "GER"]
[SourceTitle "EXT 2007"]
[Source "ChessBase"]
[SourceDate "2006.11.23"]
[SourceVersion "1"]
[SourceVersionDate "2006.11.23"]
[SourceQuality "1"]
[WhiteTeam "Bayern Muenchen II"]
[BlackTeam "Rottal Inn"]
[WhiteTeamCountry "GER"]
[BlackTeamCountry "GER"]

1. c4 e5 2. Nc3 Nc6 3. g3 g6 4. Bg2 Bg7 5. e4 d6 6. Nge2 Nge7 7. 0-0 0-0 8. d3 Be6 9. Nd5 Nd4 10. Nxd4 exd4 11. Nf4 Bd7 12. b4 c5 13. Bd2 Rb8 14. a4 Nc6 15. Nd5 Be6 16. bxc5 dxc5 17. f4 f5 18. e5 Ne7 19. Qb3 Kh8 20. a5 Qd7 21. Rfe1 Rfd8 22. Nxe7 Qxe7 23. Rab1 b5 24. axb6 Rxb6 25. Qa2 Rdb8 26. Ba5 Rxb1 27. Rxb1 Qf8 28. Bc7 Rxb1+ 29. Qxb1 Qc8 30. Bd6 Bf8 31. Bxf8 Qxf8 32. Qb7 Qf7 33. Qa8+ Kg7 34. Bd5 Bxd5 35. cxd5 Qd7 36. Qc6 Qxc6 37. dxc6 1-0

[Event "Landesliga Sued 0506"]
[Site "Bayern"]
[Date "2005.12.11"]
[Round "4.3"]
[White "Schuette, Manfred"]
[Black "Eitel, Harald"]
[Result "1/2-1/2"]
[WhiteElo "2247"]
[BlackElo "2171"]
[PlyCount "68"]
[EventDate "2005.10.23"]
[EventType "team-tourn"]
[EventRounds "9"]
[EventCountry "GER"]
[SourceTitle "EXT 2007"]
[Source "ChessBase"]
[SourceDate "2006.11.23"]
[SourceVersion "1"]
[SourceVersionDate "2006.11.23"]
[SourceQuality "1"]
[WhiteTeam "Bayern Muenchen II"]
[BlackTeam "Ingolstadt"]
[WhiteTeamCountry "GER"]
[BlackTeamCountry "GER"]

1. d4 Nf6 2. Nf3 g6 3. Bf4 Bg7 4. e3 0-0 5. Be2 d6 6. h3 Nbd7 7. 0-0 Qe8 8. c4 e5 9. Bh2 Ne4 10. Nbd2 f5 11. dxe5 Nxd2 12. Qxd2 dxe5 13. Qb4 c5 14. Qa3 Qe7 15. Rad1 g5 16. Rd5 f4 17. exf4 gxf4 18. Re1 Nb6 19. Rdd1 Bd7 20. Bd3 Bc6 21. Be4 Bxe4 22. Rxe4 Qc7 23. Rde1 Rf5 24. g3 fxg3 25. Bxg3 Nd7 26. Qd3 Raf8 27. Qd5+ Kh8 28. Nxe5 Nxe5 29. Rxe5 Rxe5 30. Rxe5 Qc8 31. Re7 Qxh3 32. Qg5 Rg8 33. Rxg7 Rxg7 34. Qd8+ Rg8 1/2-1/2

[Event "Landesliga Sued 0506"]
[Site "Bayern"]
[Date "2005.11.27"]
[Round "3.3"]
[White "Wachinger, Guenther"]
[Black "Schuette, Manfred"]
[Result "0-1"]
[WhiteElo "2205"]
[BlackElo "2247"]
[PlyCount "82"]
[EventDate "2005.10.23"]
[EventType "team-tourn"]
[EventRounds "9"]
[EventCountry "GER"]
[SourceTitle "EXT 2007"]
[Source "ChessBase"]
[SourceDate "2006.11.23"]
[SourceVersion "1"]
[SourceVersionDate "2006.11.23"]
[SourceQuality "1"]
[WhiteTeam "Pang/Rosenheim"]
[BlackTeam "Bayern Muenchen II"]
[WhiteTeamCountry "GER"]
[BlackTeamCountry "GER"]

1. d4 Nf6 2. c4 e6 3. Nf3 b6 4. a3 Bb7 5. Nc3 Be7 6. Bg5 0-0 7. e3 d5 8. cxd5 exd5 9. Bd3 Nbd7 10. 0-0 c5 11. Rc1 Ne4 12. Bf4 Ndf6 13. Ne5 Rc8 14. dxc5 Bxc5 15. Nb5 a6 16. Nd4 b5 17. f3 Nd6 18. Bg5 Nc4 19. Bxc4 dxc4 20. Ng4 Nxg4 21. Bxd8 Nxe3 22. Qe2 Rcxd8 23. Nb3 Bb6 24. Rfe1 Ng4+ 25. Kh1 Nf2+ 26. Kg1 Nd3+ 27. Kh1 Nxe1 28. Qxe1 cxb3 29. Qb4 Bd5 30. a4 Bc4 31. h4 Be3 32. Ra1 Rd2 33. Qc3 Rd3 34. Qb4 Rfd8 35. Qe1 Bd4 36. axb5 axb5 37. Qc1 h5 38. Qg5 Bxb2 39. Rb1 Bf6 40. Qxh5 R8d4 41. g3 Bd5 0-1

[Event "Bayern-chI Bank Hofmann 9th"]
[Site "Bad Wiessee"]
[Date "2005.11.02"]
[Round "5"]
[White "Velimirovic, Dragoljub"]
[Black "Schuette, Manfred"]
[Result "1-0"]
[WhiteElo "2472"]
[BlackElo "2319"]
[PlyCount "81"]
[EventDate "2005.10.29"]
[EventType "swiss"]
[EventRounds "9"]
[EventCountry "GER"]
[SourceTitle "EXT 2006"]
[Source "ChessBase"]
[SourceDate "2005.11.24"]
[SourceVersion "1"]
[SourceVersionDate "2005.11.24"]
[SourceQuality "1"]

1. e4 c5 2. Nf3 d6 3. d4 cxd4 4. Nxd4 Nf6 5. Nc3 g6 6. Be3 Bg7 7. f3 0-0 8. Qd2 Nc6 9. Bc4 Nd7 10. Bb3 Na5 11. h4 Nb6 12. Qd3 Nxb3 13. axb3 d5 14. Nde2 Qc7 15. Bxb6 Qxb6 16. Nxd5 Qd6 17. Ndc3 Qxd3 18. cxd3 Be6 19. Nf4 Bxb3 20. Ra3 Be6 21. Nxe6 fxe6 22. h5 Rfc8 23. hxg6 hxg6 24. Kd2 a6 25. Ne2 Rc6 26. d4 Rd8 27. Rd3 Rc4 28. e5 Rb4 29. b3 a5 30. f4 b5 31. g4 g5 32. fxg5 Bxe5 33. dxe5 Rxd3+ 34. Kxd3 Rxb3+ 35. Ke4 a4 36. Nd4 Rb2 37. Nxe6 Kf7 38. Nf4 a3 39. g6+ Kg8 40. Ne6 Rb4+ 41. Kf5 1-0

[Event "Landesliga Sued 0506"]
[Site "Bayern"]
[Date "2005.10.23"]
[Round "1.3"]
[White "Eckerl, Uwe"]
[Black "Schuette, Manfred"]
[Result "0-1"]
[WhiteElo "2238"]
[BlackElo "2241"]
[PlyCount "98"]
[EventDate "2005.10.23"]
[EventType "team-tourn"]
[EventRounds "9"]
[EventCountry "GER"]
[SourceTitle "EXT 2007"]
[Source "ChessBase"]
[SourceDate "2006.11.23"]
[SourceVersion "1"]
[SourceVersionDate "2006.11.23"]
[SourceQuality "1"]
[WhiteTeam "Waldkirchen TSV"]
[BlackTeam "Bayern Muenchen II"]
[WhiteTeamCountry "GER"]
[BlackTeamCountry "GER"]

1. e4 c5 2. Nf3 d6 3. d4 cxd4 4. Nxd4 Nf6 5. Nc3 g6 6. Bg5 Bg7 7. Qd2 0-0 8. Bh6 Bxh6 9. Qxh6 Nc6 10. Nb3 a5 11. Bb5 Qb6 12. 0-0 Be6 13. Bxc6 bxc6 14. Qd2 c5 15. Rab1 a4 16. Nc1 Qa5 17. Rd1 Rfb8 18. Nd3 c4 19. Nf4 Qe5 20. Nxe6 fxe6 21. Qd4 Qxd4 22. Rxd4 Rc8 23. Rd2 a3 24. e5 Ne8 25. bxa3 Rxa3 26. Nb5 Rxa2 27. exd6 exd6 28. Nxd6 c3 29. Rd3 Nxd6 30. Rxd6 Rxc2 31. Kf1 Kf7 32. Rb7+ Kf6 33. Rbb6 Ra8 34. Rxe6+ Kf5 35. Ra6 Rd8 36. Rad6 Rb8 37. Rb6 Rb2 38. g4+ Kxg4 39. Rxb8 Rxb8 40. Rc6 Rb3 41. Ke2 Rb2+ 42. Ke3 c2 43. Rc4+ Kh3 44. Rc7 h5 45. f4 Kxh2 46. Rc6 Rb6 47. Rxc2+ Kg3 48. f5 gxf5 49. Ke2 f4 0-1